Catálogo público

Cuadernos hispanoamericanos : (Record no. 80812)

MARC details
000 -CABECERA
campo de control de longitud fija 01600nmm a22003617a 4500
003 - IDENTIFICADOR DEL NÚMERO DE CONTROL
campo de control CHAP
005 - FECHA Y HORA DE LA ÚLTIMA TRANSACCIÓN
campo de control 20240604135615.0
007 - CAMPO FIJO DE DESCRIPCIÓN FÍSICA--INFORMACIÓN GENERAL
campo de control de longitud fija co |g||||aaaaa
008 - DATOS DE LONGITUD FIJA--INFORMACIÓN GENERAL
campo de control de longitud fija 000412s1998 sp | b 10 spa d
010 ## - NÚMERO DE CONTROL DE LA BIBLIOTECA DEL CONGRESO
Número de control de LC 80812
011 ## - ENLACE DEL NUMERO DE CONTROL DE LA BIBLIOTECA DEL CONGRESO [OBSOLETO]
Número de control de LC 81784
035 ## - NÚMERO DE CONTROL DEL SISTEMA
Número de control de sistema 92264
040 ## - FUENTE DE LA CATALOGACIÓN
Centro/agencia transcriptor CHAP
041 ## - CÓDIGO DE LENGUA
Código de lengua del texto/banda sonora o título independiente spa
090 ## - LOCALMENTE ASIGNADO TIPO-LC NÚMERO DE CLASIFICACIÓN (OCLC); NÚMERO DE CLASIFICACIÓN LOCAL (RLIN)
Número de clasificación (OCLC) (R) ; Numero de clasificación, CALL (RLIN) (NR) CD-9
110 2# - ENTRADA PRINCIPAL--NOMBRE DE ENTIDAD CORPORATIVA
Nombre de entidad corporativa o nombre de jurisdicción como elemento de entrada Agencia Española de Cooperación Internacional
9 (RLIN) 1114
245 #0 - MENCIÓN DE TÍTULO
Título Cuadernos hispanoamericanos :
Medio [disco compacto]
Resto del título índices
Mención de responsabilidad, etc. /por Agencia Española de Cooperación Internacional
264 #1 - PRODUCCIÓN, PUBLICACIÓN, DISTRIBUCIÓN, FABRICACIÓN Y COPYRIGHT
Producción, publicación, distribución, fabricación y copyright Madrid :
Nombre del de productor, editor, distribuidor, fabricante Ministerio de Asuntos Exteriores de España,
Fecha de producción, publicación, distribución, fabricación o copyright 1998.
300 ## - DESCRIPCIÓN FÍSICA
Extensión 1 disco compacto (CD)
Dimensiones 4 3/4 pulgadas (12 cm.)
336 ## - TIPO DE CONTENIDO
Fuente rdacontent
Término de tipo de contenido programa de datos de la computadora
Código de tipo de contenido cod
337 ## - TIPO DE MEDIO
Fuente rdamedia
Nombre/término del tipo de medio ordenador
Código del tipo de medio c
338 ## - TIPO DE SOPORTE
Fuente rdacarrier
Nombre/término del tipo de soporte disco de computadora
Código del tipo de soporte cd
500 ## - NOTA GENERAL
Nota general La biblioteca tiene : 1948-1997 números 1/570,
516 ## - NOTA DE TIPO DE ARCHIVO DE ORDENADOR O DE DATOS
Nota de tipo de archivo de ordenador o de datos Programa de computadora.
538 ## - NOTA DE DETALLES DEL SISTEMA
Nota de detalles del sistema Como consultar en el CD-ROM.... Cuando ejecute el programa SEARCH. EXE (directamente del CD-ROM o bien desde el disco duro si ejecutó el procedimiento de instalación), se abrirá un menú Windows con la tabla de contenidos de la publicación. Puede hacer click sobre cualquiera de los registros y se le mostrará una ventana con toda la información relativa al título elegido.
546 ## - NOTA DE LENGUA/LENGUAJE
Nota de lengua/lenguaje Texto en español.
590 ## - NOTA LOCAL (RLIN)
Nota local BATCH-UPD
Procedencia (VM) [OBSOLETO] 10
Condición del los carretes individuales (VM) [OBSOLETO] 20130110
590 ## - NOTA LOCAL (RLIN)
Nota local CONVERSION
Procedencia (VM) [OBSOLETO] 10
Condición del los carretes individuales (VM) [OBSOLETO] 20130109
650 14 - PUNTO DE ACCESO ADICIONAL DE MATERIA--TÉRMINO DE MATERIA
Término de materia o nombre geográfico como elemento de entrada Literatura hispanoamericana.
9 (RLIN) 67130
905 ## - ELEMENTOS DE DATOS E LOCAL, LDE (RLIN)
a Lilia Sánchez G.
942 ## - ELEMENTOS DE PUNTO DE ACCESO ADICIONAL (KOHA)
Tipo de ítem Koha CD
Fuente del sistema de clasificación o colocación Clasificación Universidad Autónoma de Chapingo
949 ## - PROCESAMIENTO DE INFORMACIÓN LOCAL (OCLC)
a CD-9
b BC
c CD
d 33724000778429
e CD
i 92264
s b
Holdings
Estado de retiro Estado de pérdida Fuente del sistema de clasificación o colocación Estado dañado Restricciones de uso No para préstamo Código de colección Localización permanente Ubicación/localización actual Ubicación en estantería Fecha de adquisición Total de préstamos Signatura topográfica completa Código de barras Fecha visto por última vez Precio válido a partir de Tipo de ítem Koha
    Clasificación Universidad Autónoma de Chapingo   Préstamo interno   Material multimedia Biblioteca Central Biblioteca Central Planta Principal - Área de préstamo - Mat. Multimedia 17/12/2012   CD-9 33724000778429 31/12/2019 31/12/2019 CD